01567nam a2200361 a 4500001001000000003000500010005001700015008004100032010001100073011001100084040000900095090001000104100003700114245022000151260004100371500006000412502008500472590002800557590002800585590002700613590002700640590002700667650004100694650003500735650003700770856007000807901000700877942001500884942001100899999001900910952013600929952014001065000113090CHAP20221207130109.0170419s2016 mx a fsm |||||||spa d a109551 a110523 cCHAP aTesis1 aRamos Alejandro, Daniela913194610aDesarrollo de un pinole de alto valor nutritivo a base de maíz (Zea mays L.), cacao (Theobroma cacao L.) y amaranto (Amaranthus hypochondriacus L.) tostados y especias /h[En línea]cpor Daniela Ramos Alejandro. aChapingo, Méx. :bEl autor,c2016. aPara ver el contenido del material haga clic en la liga aTesis (Ing. Agroindustrial) -- UACH. Departamento de Ingeniería Agroindustrial aBATCH-UPDb05c20170420 aE11695DGDb10c20170421 aE8697GMMb05c20170419 aE8697GMMb05c20170419 aE8697GMMb05c2017042014aHarina de maízxAnálisis.95271414aPinolexElaboración.913196214aPinolexValor nutritivo.9131963 aFinding aiduhttp://10.13.5.2/tesis/sist113090.pdfzTeclea aquí aBK cTESIS2ddc n02ddc c109551d109551 00104054718TESISaBCbBCd2017-04-19fTESISl0oTesisp33724002533769r2019-12-31 00:00:00w2019-12-31yTESISzRecien adquirido 00102local4053708TESISaBCbBCcPA_TESISd2017-04-19fTESISl0oTesisp33724002533801r2019-12-31 00:00:00tc.2w2019-12-31yTESIS